000
00283nam a2200121Ia 4500
005
20251222154426.0
008
251222s9999||||xx |||||||||||||| ||spa||
020
_a
84-7561-962-2
082
_a
633.88/R73
100
_a
"Rodrigo, Julio"
245
0
_a
Plantas de interior
942
_c
LIB
999
_c
36246
_d
36246